• 首页
  • 本馆介绍
  • 公告通知
  • 最新文献
  • 馆藏检索
  • 电子资源
  • 读者导购
  • 参考咨询
  • 我的图书馆
  • 登录
  • 详细信息显示
  • 放入我的书架
  • 预约/预借图书
  • 作者相关作品
  • 分类相关作品
  • 丛书相关作品
  • 出版社相关作品

书目信息

  • 表格格式
  • 工作单格式
  • 卡片格式
题名:
财务成本管理母子题
    
 
作者: 中公教育会计研究院 编著
分册:  
出版信息: 上海   立信会计出版社  2020.7
页数: 498页
开本: 26cm
丛书名: 注册会计师考试备考新思维
单 册:
中图分类: F275.3-44
科图分类:
主题词: 企业管理--成本管理--资格考试--习题集
电子资源:
ISBN: 978-7-5429-6554-7
000 00996nam0 2200241 450
001 2148733690
005 20210103133222.19
010    @a978-7-5429-6554-7@dCNY56.00
100    @a20200711d2020 em y0chiy0110 ea
101 0  @achi
102    @aCN@b310000
105    @ay z 000yy
200 1  @a财务成本管理母子题@9cai wu cheng ben guan li mu zi ti@f中公教育会计研究院编著
210    @a上海@c立信会计出版社@d2020.7
215    @a498页@d26cm
225 2  @a注册会计师考试备考新思维
330    @a本书包括以下内容:财务管理基础、财务报表分析和财务预测、筹资工具、本量利及短期经营决策、投资项目决策、期权价值评估、企业价值评估、资本结构与股利理论、营运资本管理、产品成本计算、标准成本法、作业成本法、全面预算、责任会计与业绩评价。
410  0 @12001 @a注册会计师考试备考新思维
606 0  @a企业管理@x成本管理@x资格考试@j习题集
690    @aF275.3-44@v5
701  0 @a中公教育会计研究院@9zhong gong jiao yu hui ji yan jiu yuan@4编著
801  2 @aCN@b58marc.cn@c20200711
905    @aMUSE@dF275.3-44@e4
    
    财务成本管理母子题/中公教育会计研究院编著.-上海:立信会计出版社,2020.7
    498页;26cm.-(注册会计师考试备考新思维)
    
    
    ISBN 978-7-5429-6554-7:CNY56.00
    本书包括以下内容:财务管理基础、财务报表分析和财务预测、筹资工具、本量利及短期经营决策、投资项目决策、期权价值评估、企业价值评估、资本结构与股利理论、营运资本管理、产品成本计算、标准成本法、作业成本法、全面预算、责任会计与业绩评价。
●
相关链接 在五车中查询图书 在当当中查询图书 在豆瓣中查询图书


正题名:财务成本管理母子题     索取号:F275.3-44/4         预约/预借

序号 登录号 条形码 馆藏地/架位号 状态 备注
1 2000876663   2000876663   第二书库/ [索取号:F275.3-44/4] 在馆    
2 2000876664   2000876664   第二书库/ [索取号:F275.3-44/4] 在馆    
3 2000876665   2000876665   第二书库/ [索取号:F275.3-44/4] 在馆    
山东省滨州职业学院图书馆 欢迎您!
大连网信软件有限公司© 版权所有